000 00972cam a2200265 i 4500
003 SA_RiAUC
005 20251230082453.0
008 251225s2008____su g 000 0 ara c
020 _z9960568253
040 _aSA-RiKAPL
_bara
_cSA-RiAUC
_erda
082 0 4 _a252.55
090 _a252.55
_bع ص ي
100 1 _aالعصيمي، صالح بن مقبل بن عبد الله
_eمؤلف.
245 1 0 _aأحكام عرفة :
_bدراسة فقهية مقارنة /
_cتأليف صالح بن مقبل العصيمي.
250 _aالطبعة الثالثة.
264 1 _aالرياض :
_bدار التدمرية،
_c2009
300 _a230 صفحة ؛
_c24 سم
336 _aنص
_btxt
_2rdacontent
_3كتاب
337 _aبدون وسيط
_bn
_2rdamedia
338 _aمجلد
_bnc
_2rdacarrier
650 7 _aالوقوف بعرفة
_2aucsh
650 7 _aالحج (فقه إسلامي)
_2aucsh
942 _2ddc
_cBOOK
_n0
949 _aSA-JeALM
_d251225
_umohamedma123
_n1
999 _c13829
_d13829